000 00487nam a2200169Ia 4500
003 GCL
008 140319s9999 xx 000 0 ara d
040 _aGCL /
_cGCL
082 0 4 _a629.254
_bط ك
100 1 _aطاهر مسلم البكاء
245 1 0 _aكهربائية السيارات /
_cطاهر مسلم البكاء
260 _a[S.N] :
_bمكتبة التحرير ،
_c1988
300 _a178 ص
490 _a
650 0 4 _aكهرباء السيارات
942 _2ddc
_cBK
999 _c53525
_d53525